Makkaligagi vignana (Record no. 194490)

000 -LEADER
fixed length control field 00415nam a22001577a 4500
005 - DATE AND TIME OF LATEST TRANSACTION
control field 20230706105332.0
008 - FIXED-LENGTH DATA ELEMENTS--GENERAL INFORMATION
fixed length control field 230706b ||||| |||| 00| 0 eng d
040 ## - CATALOGING SOURCE
Transcribing agency AACR2
082 ## - DEWEY DECIMAL CLASSIFICATION NUMBER
Classification number 500 BHO
100 ## - MAIN ENTRY--PERSONAL NAME
Personal name Bhushetti, Rajuguddappa
9 (RLIN) 14538
245 ## - TITLE STATEMENT
Title Makkaligagi vignana
260 ## - PUBLICATION, DISTRIBUTION, ETC.
Place of publication, distribution, etc. Belagavi
Name of publisher, distributor, etc. Prasaranga
Date of publication, distribution, etc. 2021
300 ## - PHYSICAL DESCRIPTION
Extent 100p.
650 ## - SUBJECT ADDED ENTRY--TOPICAL TERM
Topical term or geographic name entry element Janapriya tantrika sikshana male
9 (RLIN) 14527
942 ## - ADDED ENTRY ELEMENTS (KOHA)
Source of classification or shelving scheme
Koha item type Books
Holdings
Withdrawn status Lost status Source of classification or shelving scheme Damaged status Not for loan Collection code Home library Current library Shelving location Date acquired Total Checkouts Full call number Barcode Date last seen Cost, replacement price Price effective from Koha item type
          Humanity Science Central Library Central Library Book Cart 07/06/2023   500 BHO 25648 07/06/2023 50.00 07/06/2023 Books
          Humanity Science Central Library Central Library Book Cart 07/06/2023   500 BHO 25649 07/06/2023 50.00 07/06/2023 Books
          Humanity Science Central Library Central Library Book Cart 07/06/2023   500 BHO 25650 07/06/2023 50.00 07/06/2023 Books
          Humanity Science Central Library Central Library Book Cart 07/06/2023   500 BHO 25651 07/06/2023 50.00 07/06/2023 Books

Powered by Koha